Logo BPK

Biblioteka

Politechniki Koszalińskiej

Zasady i metody rachunku ekonomicznego w przedsiębiorstwie budowlanym. (Rekord nr 26086)

Szczegóły MARC
000 -ETYKIETA REKORDU
podpole kontrolne o stałej długości 00593nam a2200169 i 4500
001 - NUMER KONTROLNY REKORDU
pole kontrolne bg
040 ## - ŹRÓDŁO KATALOGOWANIA
Instytucja, która utworzyła rekord BPK
041 ## - KOD JĘZYKA
Kod języka tekstu pol
080 ## - UNIWERSALNA KLASYFIKACJA DZIESIĘTNA - UKD
UKD 69.003.1:658.14/.15
008 - POLE O STAŁEJ DŁUGOŚCI - DANE KONTROLNE
podpole kontrolne o stałej długości s pl f |000 0 pol
100 1# - NAZWA OSOBOWA
Nazwa osobowa BRATKOWSKI, Albin.
245 #0 - TYTUŁ/ODPOWIEDZIALNOŚĆ
Tytuł Zasady i metody rachunku ekonomicznego w przedsiębiorstwie budowlanym.
Oznaczenie części/sekcji dzieła Cz.1.
Tytuł części/sekcji dzieła Podstawy teoretyczne rachunku ekonomicznego.
Oznaczenie części/sekcji dzieła Cz.2,
Tytuł części/sekcji dzieła Technika obliczeniowa rachunku ekonomicznego /
Pozostałe elementy strefy tytułu i oznaczenia odpowiedzialności A. Bratkowski, B. Podkaminer, J. Orzeł.
260 ## - STREFA ADRESU WYDAWNICZEGO
Miejsce wydania Warszawa,
Data publikacji, dystrybucji/powstania dokumentu 1971.
700 1# - HASŁO DODATKOWE - NAZWA OSOBOWA
Nazwa osobowa PODKAMINER, Barbara.
700 1# - HASŁO DODATKOWE - NAZWA OSOBOWA
Nazwa osobowa ORZEŁ, Józef.
856 ## - LOKALIZACJA I DOSTĘP DO ELEKTRONICZNYCH DOKUMENTÓW ZDALNYCH
Link (URL) http://koha.tu.koszalin.pl/cgi-bin/koha/opac-detail.pl?biblionumber=26086
Tekst linku Katalog online BPK
942 ## - DODATKOWE ELEMENTY (KOHA)
Typ dokumentu Książka
Egzemplarze
Wycofany Status egzemplarza Uszkodzony Dostępność Lokalizacja stała Lokalizacja bieżąca Numer ubytku Sygnatura Kod kreskowy Typ dokumentu Miejsce przechowywania
  Egz. niedostępny   Niedostępny Biblioteka Politechniki Koszalińskiej Biblioteka Politechniki Koszalińskiej 11666 17223 01711219 Książka  
      Dostępny Biblioteka Politechniki Koszalińskiej Biblioteka Politechniki Koszalińskiej   17224 01711233 Książka Wypożyczalnia BG
© 2023 Biblioteka Politechniki Koszalińskiej :: KOHA